Cipi / (Registro nro. 11806)

Detalles MARC
000 -LEADER
fixed length control field 00904nam a22003017a 4500
001 - CONTROL NUMBER
control field 000640
003 - CONTROL NUMBER IDENTIFIER
control field DO-SdBNP
005 - DATE AND TIME OF LATEST TRANSACTION
control field 20161107100419.0
007 - PHYSICAL DESCRIPTION FIXED FIELD--GENERAL INFORMATION
fixed length control field 000640
008 - FIXED-LENGTH DATA ELEMENTS--GENERAL INFORMATION
fixed length control field 151117b sp 2005 mx a ||||| |||| 00| 0 spa d
020 ## - INTERNATIONAL STANDARD BOOK NUMBER
International Standard Book Number 9681907183
040 ## - CATALOGING SOURCE
Original cataloging agency BPMSU
Language of cataloging spa
Transcribing agency BPMSU
082 ## - DEWEY DECIMAL CLASSIFICATION NUMBER
Classification number xxxx
Item number xxxx
100 10 - MAIN ENTRY--PERSONAL NAME
Personal name Lodi, Mario,
Dates associated with a name 1922-
245 10 - TITLE STATEMENT
Title Cipi /
Statement of responsibility, etc. Mario Lodi ; ilustración Viví Escrivá ; traducción Carmen Santos.
250 ## - EDITION STATEMENT
Edition statement 2ª reimp.
260 ## - PUBLICATION, DISTRIBUTION, ETC. (IMPRINT)
Place of publication, distribution, etc. México :
Name of publisher, distributor, etc. Alfaguara,
Date of publication, distribution, etc. 2005.
300 ## - PHYSICAL DESCRIPTION
Extent 114 p. :
Other physical details il. ;
Dimensions 20 cm.
490 10 - SERIES STATEMENT
Series statement Alfaguara Infantil
500 ## - GENERAL NOTE
General note Incluye datos del autor.
500 ## - GENERAL NOTE
General note Apartir de niños de 8 años
500 ## - GENERAL NOTE
General note Segunda reimpresión: julio de 2005
700 12 - ADDED ENTRY--PERSONAL NAME
Personal name Santos, Carmen,
Relator term tr.
700 12 - ADDED ENTRY--PERSONAL NAME
Personal name Escrivá, Viví,
Relator term il.
830 #0 - SERIES ADDED ENTRY--UNIFORM TITLE
Uniform title Alfaguara Infantil
942 ## - ADDED ENTRY ELEMENTS (KOHA)
Source of classification or shelving scheme Dewey Decimal Classification
Koha item type Libros
956 ## - LOCAL ELECTRONIC LOCATION AND ACCESS (OCLC)
Host name LOPEREZ
Access method 10
Materials specified 20161107
Linkage BPMSU
Field link and sequence number 00041
Existencias
Withdrawn status Lost status Source of classification or shelving scheme Damaged status Not for loan Collection code Home library Current library Date acquired Source of acquisition Total Checkouts Full call number Barcode Date last seen Price effective from Koha item type
    Dewey Decimal Classification     Colección Infantil General Biblioteca Pública Metropolitana Salomé Ureña Biblioteca Pública Metropolitana Salomé Ureña 11/07/2016 Alfaguara   xxxx xxxx BPMSU16110112 11/07/2016 11/07/2016 Libros